00294nam a2200109Ia 4500020001800000082002100018100001700039245002900056260003800085300002400123650003700147 a81-7029-665-x aRR 004.603 DYS-D aDyson, Pete; 0aDictionary of networking aNew DelhibBPB Publicationsc1996 axi, 404p.: appendix aNetworks computer - Dictionaries